000 00633nam a22001937a 4500
999 _c3514
_d3514
003 AR-CdUCM
008 190306b ||||| |||| 00| 0 spa d
040 _aMUNICIPALIDAD PROVINCIAL DEL CUSCO
_cBIBLIOTECA MUNICIPAL DEL CUSCO
082 _a867.41 /
_bC29
100 _aCarpentier, Alejo
_9216
245 _aGuerra del tiempo /
260 _aLima :
_bPopulibros Peruanos,
300 _a159 páginas ;
_c17 cm.
505 _aContenido: El camino de Santiago -- Viaje a la semilla -- Semejante a la noche -- El acoso.
650 _aCuentos cubanos
_911532
650 _aNovelas cubanas
_96366
942 _2ddc
_cLIBROS
945 _acmm